Statistics for Beatles Lyrics with No Hints (11)

Click here to take the quiz!

General Stats

  • This quiz has been taken 119 times
  • The average score is 191 of 228

Answer Stats

Lyrics% Correct
I
99%
a
97%
love
94%
you
94%
You
94%
and
92%
be
89%
me
88%
She
88%
she
88%
to
87%
Yeah,
87%
yeah,
87%
yeah
87%
know
86%
the
86%
your
86%
loves
85%
her
84%
It's
83%
it's
83%
can
82%
say
82%
should
82%
can't
81%
that
81%
glad
80%
said
78%
like
77%
of
77%
what
77%
Yes
77%
bad
76%
says
75%
so
75%
think
75%
told
74%
With
73%
saw
72%
she's
72%
not
69%
thinking
69%
Well
69%
yesterday
69%
you're
69%
lost
68%
But
67%
mind
66%
only
64%
up
64%
Because
63%
almost
62%
knows
62%
too
61%
hurt
60%
kind
60%
now
59%
Apologize
55%
fair
55%
hurtin'
54%
ooh
48%
Pride
40%

Score Distribution

Percentile by Number Answered

Percent of People with Each Score

Your Score History

You have not taken this quiz